000 01237cam a22003497a 4500
003 CHAP
005 20220329142727.0
008 030311d1996 mx r 00110 spa d
010 _a86927
011 _a87899
035 _a98443
040 _cCHAP
090 _aTesis
100 0 0 _aPérez Nieto, Joel.
_989883
245 1 0 _aEfectos de la eroción y sistémas de labranza sobre la productividad y rentabilidad de dos suelos de Oaxaca
_c/por Joel Pérez Nieto
260 _aMontecillo, Méx. :
_bEl autor,
_c1996.
300 _a178 h. ;
_bgráfs.
502 _aTesis (Dr. en Ciencias Esp. en Edafología) -- CP. Programa de Edafología
590 _aALEPH
_b10
_c20130110
_lUCH01
_h1452
590 _aBATCH-UPD
_b10
_c20130110
_lUCH01
_h1324
590 _aBATCH-UPD
_b10
_c20130410
_lUCH01
_h0832
590 _aBATCH-UPD
_b10
_c20130914
_lUCH01
_h1317
590 _aCONVERSION
_b10
_c20130109
_lUCH01
_h1348
650 1 4 _aErosión
_xPrevención y control.
_937337
650 1 4 _aLabranza de conservación.
_964308
650 1 4 _aSuelos
_xConservación
_xOaxaca.
_9110310
650 1 4 _aSuelos
_xOaxaca.
_9110454
901 _aBK
905 _aMayto Villalobos S.
942 _cTESIS
949 _aTesis
_bBC
_cTES
_d98443123
_eTS1
_h40507
_i98443
_sb
999 _c86927
_d86927